| 000 | 00980ata a2200289 4500 | ||
|---|---|---|---|
| 005 | 20200924133647.0 | ||
| 008 | 151006b xxu||||| |||| 00| 0 spa d | ||
| 041 | _aEspaña | ||
| 082 | _a658.022 M743t | ||
| 100 |
_aMonge González, Ricardo _97340 |
||
| 100 |
_aAlfaro Azofeifa,Cindy _98448 |
||
| 100 |
_aAlfaro Chamberiain,Jose _98449 |
||
| 245 | _aTICs en la PYMES de Centroamérica: impacto de la adopción de las tecnologías de la información y la comunicación en el desempeño de las empresas | ||
| 260 |
_aCosta Rica _bTecnológica de Costa Rica _c2005 |
||
| 300 | _a270 páginas | ||
| 650 |
_aPEQUEÑA EMPRESA _92678 |
||
| 650 |
_aMEDIANA EMPRESA _97342 |
||
| 650 |
_aPYMES _919 |
||
| 650 |
_aINFORMACIÓN _98450 |
||
| 650 |
_aCOMUNICACIÓN EN LA EMPRESA _98451 |
||
| 650 |
_aTECNOLOGIAS DE INFORMACIÓN _96599 |
||
| 650 |
_aINTERNET _959198 |
||
| 650 |
_aAUTOMATIZACIÓN _98453 |
||
| 650 |
_aPRODUCTIVIDAD _9726 |
||
| 650 |
_aCOMPETITIVIDAD _98420 |
||
| 942 | _cBK | ||
| 999 |
_c890 _d890 |
||